000 00596nam a22002052 4500
001 0000009665
005 20151217160122.0
008 081114s xx 000 0 eng d
020 _a0873063929 :
040 _aKABU
_cKABU
100 1 _aLipson, Ruth.
_@0000161389
245 1 0 _aModeh ani means thank-you /
_cRuth Lipson; illus. by Orit Golan-Martin.
250 _a1st ed.
260 _aNew York :
_bFeldheim,
_c1986.
300 _a24 p.
700 1 _aGolan-Martin, Orit.
_@0000161390
852 1 _9p100 KES
908 _a081114
950 _@1
999 _c14537
_d14537